000
00211 a2200097 4500
001
46024
100
_a
Hollies E
245
_a
I U spin you a tale
260
_a
London
_b
Museum Press
_c
090
_c
29154
_d
29154
942
_a
NUST-CAE
_c
M
_c
21285
999
_c
281097
_d
281097